The Debt crisis in Latin América

Kaydedildi:
Detaylı Bibliyografya
Müşterek Yazar: Institute of Latin American Studies
Materyal Türü: Metin
Baskı/Yayın Bilgisi: Stockholm: ILAS
Etiketler: Etiketle
Etiket eklenmemiş, İlk siz ekleyin!

MARC

LEADER 00000 a a2200000 04500
001 24684
003
040
020 |a 91-87134-01-2  
090 |a 177600  
110 |a Institute of Latin American Studies  
245 |a The Debt crisis in Latin América  
260 |a Stockholm:   |b ILAS  
300 |a 199 p.; n. 13   |b **no definido**  
999 |c 16665  |d 16665